• 首页
  • 本馆介绍
  • 公告通知
  • 最新文献
  • 馆藏检索
  • 电子资源
  • 读者导购
  • 参考咨询
  • 我的图书馆
  • 登录
  • 详细信息显示
  • 放入我的书架
  • 预约/预借图书
  • 作者相关作品
  • 分类相关作品
  • 丛书相关作品
  • 出版社相关作品

书目信息

  • 表格格式
  • 工作单格式
  • 卡片格式
题名:
汽车运输企业经营管理实务
    
 
作者: 温欢扬 主编
分册:  
出版信息: 北京   人民交通出版社  2007
页数: 287
开本: 26cm
丛书名:
单 册:
中图分类: F542
科图分类:
主题词: 陆路运输--运输经济 , 公路运输--运输经济
电子资源:
ISBN: 978-7-114-06417-3
000 00596nam0 2200193 450
001 0760515518
005 20070817164835.51
010    @a978-7-114-06417-3@d¥36.00
100    @a20070817d km y0chiy0120 ea
101 0  @achi
200 1  @a汽车运输企业经营管理实务@Aqi che yun shu qi ye jing ying guan li shi wu@f温欢扬主编@Fwen huan yang zhu bian
210    @a北京@c人民交通出版社@d2007
215    @a287@d26cm
606 0  @a陆路运输@x运输经济
606 0  @a公路运输@x运输经济
690    @aF542@v3
701  0 @a温欢扬@Awen huan yang@4主编
801  0 @aCN@bPFT@c20070817
905    @a213230@dF542@eg9@f1
    
    汽车运输企业经营管理实务/温欢扬主编.-北京:人民交通出版社,2007
    287;26cm
    
    
    ISBN 978-7-114-06417-3:¥36.00
    
●
相关链接 在E读中查询图书 在五车中查询图书 在当当中查询图书 在豆瓣中查询图书


正题名:汽车运输企业经营管理实务     索取号:F542/g9         预约/预借

序号 登录号 条形码 馆藏地/架位号 状态 备注
1 6503554   265035543   密集书库-海洋学院/ [索取号:F542/g9] 在馆    
2 6503555   265035552   密集书库-海洋学院/ [索取号:F542/g9] 在馆    
3 6503556   265035561   密集书库-海洋学院/ [索取号:F542/g9] 在馆    
4 6503601   265036016   密集书库-海洋学院/ [索取号:F542/g9] 在馆    
5 6503602   265036025   密集书库-海洋学院/ [索取号:F542/g9] 在馆    
唐山师范学院图书馆 欢迎您!
大连网信软件有限公司© 版权所有